MDQL
is popping MORE tags! Check the
thread
!
Quizzes
Events
Quiz Creation
Community
Videos
Private Events
Remove Ads
Sign In
Join for FREE
Feedback
Dark Mode
Quiz Categories
Sports
Geography
Music
Movies
Television
Just For Fun
Miscellaneous
History
Literature
Language
Science
Gaming
Entertainment
Religion
Holiday
For Kids
Quiz Lab
Recent
Popular Today
Quiz Kudos Today
Editor Picks
Curator Picks
Quizzes by...
Day
Popularity
Type
Ratings
Length
Year
Community
Subscriptions
Recent Discussions
Orange Saloon
Badges
Playlists
Quests
Create
Leaderboards
Showdown
Live 5
Trivia Bingo
Activity
Puzzle Library
Sporcle Events
Private Events
Virtual Trivia
Globe League
Become a Host
Pub Owners
SporcleCon
Opinionation
Our Games
Videos
Blog
Mobile Apps
Partnerships
Remove Ads and Go Orange
Feedback
Music
Pop Music
The Beatles
Song
Album
Lyrics
Bands
Singers
Artist
Clip
Rock
Rap
Classical
Billboard
Country Music
Kpop
Taylor Swift
Music
Pop Music
The Beatles
Song
Album
Lyrics
Bands
Singers
Artist
Clip
Rock
Rap
Classical
Billboard
Country Music
Kpop
Taylor Swift
Random Quiz
Search Sporcle
×
Quiz Lab
Quiz Lab
Music
Album
Type in answers that appear in a list
Type in answers that appear in a list
Classic
Best Score? Go Orange.
The Beatles Songs In Alphabetical Order Stats
Can you name the Beatles Songs In Alphabetical Order Part 1 of 2 (Letters A-I)?
By
TheWolfMaN
20m
106 Questions
380 Plays
380 Plays
380 Plays
Comments
Comments
Give Quiz Kudos
Give Quiz Kudos
-
- Ratings
hide this ad
Forced Order
Answers have to be entered in order
Answers have to be entered in order
Replay
Link that replays current quiz
Next Quiz
Link to next quiz in quiz playlist
You Got
0%
They Got
Avg Score
67%
Avg Friend Score
Upgrade to see
Score Distribution
Jump to the score distribution portion of the page
Score
0/106
Timer
20:00
0
Plays Today
Album on which the Song appears
Song
% Correct
Sgt. Pepper's Lonely Hearts Club Band
A Day In The Life
93.7%
A Hard Day's Night
A Hard Day's Night
90.5%
Let It Be/
Past Masters, Vol. 2
Across The Universe
84.2%
Magical Mystery Tour/
Yellow Submarine
All You Need Is Love
82.4%
With The Beatles
All My Loving
81.1%
Help!
Act Naturally
80.3%
A Hard Day's Night
And I Love Her
79.7%
Please Please Me
Anna (Go To Him)
79.5%
Magical Mystery Tour
Baby You're A Rich Man
79.2%
Yellow Submarine
All Together Now
78.9%
Please Please Me
A Taste Of Honey
78.4%
Revolver
And Your Bird Can Sing
78.4%
Sgt. Pepper's Lonely Hearts Club Band
Being For The Benefit Of Mr. Kite
78.4%
Abbey Road
Because
78.2%
Abbey Road
Come Together
78.2%
Help!
Another Girl
76.8%
A Hard Day's Night
Can't Buy Me Love
76.8%
Magical Mystery Tour
Blue Jay Way
76.6%
Beatles For Sale
Baby's In Black
76.3%
Revolver
Eleanor Rigby
75.8%
Help!
Help!
75.5%
The Beatles
Blackbird
75%
Abbey Road
Carry That Weight
74.7%
Let It Be
Dig A Pony
74.7%
Magical Mystery Tour
Flying
74.7%
Let It Be
Dig It
74.5%
Please Please Me
Chains
74.2%
Please Please Me
Baby It's You
73.9%
The Beatles
Back In The U.S.S.R.
73.9%
Sgt. Pepper's Lonely Hearts Club Band
Fixing A Hole
73.9%
Let It Be/
Past Masters, Vol. 2
Get Back
73.4%
With The Beatles
All I've Got To Do
73.2%
Sgt. Pepper's Lonely Hearts Club Band
Getting Better
73.2%
The Beatles
Birthday
72.9%
Please Please Me
Boys
72.6%
Rubber Soul
Drive My Car
72.1%
Album on which the Song appears
Song
% Correct
Please Please Me
Ask Me Why
71.8%
Revolver
Good Day Sunshine
71.8%
Magical Mystery Tour
Hello Goodbye
71.8%
Sgt. Pepper's Lonely Hearts Club Band
Good Morning, Good Morning
71.3%
Magical Mystery Tour
I Am The Walrus
71.1%
A Hard Day's Night
Any Time At All
70.8%
The Beatles
Dear Prudence
70.3%
Revolver
For No One
70.3%
Abbey Road
Here Comes The Sun
70.3%
Yellow Submarine
Hey Bulldog
70.3%
Please Please Me
Do You Want To Know A Secret?
70%
The Beatles
Helter Skelter
69.5%
Revolver
Doctor Robert
69.2%
Beatles For Sale
Eight Days A Week
69.2%
Magical Mystery Tour
Fool On The Hill
68.9%
Let It Be
For You Blue
68.9%
Beatles For Sale
Everybody's Trying To Be My Baby
68.7%
Abbey Road
Golden Slumbers
68.2%
Rubber Soul
Girl
67.9%
Revolver
Got To Get You Into My Life
67.9%
Abbey Road
Her Majesty
67.9%
The Beatles
Everybody's Got Something To Hide Except Me And My Monkey
67.6%
The Beatles
Don't Pass Me By
67.4%
Revolver
Here, There And Everywhere
67.1%
The Beatles
Cry Baby Cry
66.6%
Help!
Dizzy Miss Lizzy
66.6%
Past Masters, Vol. 2
Don't Let Me Down
66.6%
The Beatles
Good Night
66.6%
With The Beatles
Devil In Her Heart
66.3%
The Beatles
Happiness Is A Warm Gun
65.8%
Beatles For Sale
Every Little Thing
65.3%
Past Masters, Vol. 2
Day Tripper
65%
The Beatles
Glass Onion
63.9%
With The Beatles
Don't Bother Me
63.7%
Help!
I Need You
63.7%
The Beatles
Honey Pie
62.9%
Album on which the Song appears
Song
% Correct
Let It Be
I Me Mine
62.9%
Beatles For Sale
Honey Don't
62.6%
Past Masters, Vol. 2
Hey Jude
62.4%
Past Masters, Vol. 1
Bad Boy
61.8%
Please Please Me
I Saw Her Standing There
61.6%
Past Masters, Vol. 1
From Me To You
61.1%
A Hard Day's Night
I Should Have Known Better
60%
With The Beatles
Hold Me Tight
59.5%
Abbey Road
I Want You (She's So Heavy)
58.7%
Revolver
I Want To Tell You
58.2%
Beatles For Sale
I'm A Loser
56.6%
Beatles For Sale
I Don't Want To Spoil The Party
55.8%
A Hard Day's Night
I'll Cry Instead
55.5%
Rubber Soul
I'm Looking Through You
55.5%
Past Masters, Vol. 1
I Want To Hold Your Hand
55%
Beatles For Sale
I'll Follow The Sun
54.7%
Revolver
I'm Only Sleeping
54.2%
The Beatles
I Will
53.9%
A Hard Day's Night
I'll Be Back
53.9%
A Hard Day's Night
I'm Happy Just To Dance With You
53.7%
Past Masters, Vol. 1
I Feel Fine
53.4%
Rubber Soul
In My Life
53.4%
The Beatles
I'm So Tired
52.9%
Help!
It's Only Love
52.6%
With The Beatles
I Wanna Be Your Man
52.4%
Past Masters, Vol. 1
I'm Down
52.4%
Let It Be
I've Got A Feeling
51.8%
A Hard Day's Night
If I Fell
51.1%
Yellow Submarine
It's All Too Much
50.8%
Help!
I've Just Seen A Face
50.3%
Past Masters, Vol. 1
I'll Get You
49.7%
Past Masters, Vol. 1
I Call Your Name
48.9%
Rubber Soul
If I Needed Someone
48.9%
With The Beatles
It Won't Be Long
44.5%
Quiz Playlist
Details
Report
Send in Message
Add To Playlist
Classic:
Type in answers that appear in a list
Forced Order:
Answers have to be entered in order
Last Updated: Feb 16, 2017
Quiz Scoreboard
CHALLENGE
Sign Up to Join the Scoreboard
Show All
Scores
Hide
Comments
May contain spoilers
Recently Published
Holiday 10x10 Sorting Gallery
by lukepisani3
Holiday
15m
Two Season TV Shows II
by 123Four
Television
10m
Image Sorting: Flags VI
by Barbecue
Geography
2m
More to Explore
Quiz From the Vault
Featured Blog Post
14 Easter Pick-up Lines to Find Eggs With
hide this ad
You Might Also Like...
Tags
Album Quiz
Song Quiz
The Beatles Quiz
Alphabetical
Order
Today's Top Quizzes in Music
Browse Music
hide this ad
Today's Top Quizzes in Album
Browse Album
Top Contributed Quizzes in Music
1
5X2 Blitz: Bands II
2
Taylor Swift All Songs (2024)
3
5X2 Blitz: The Beatles
4
5X2 Blitz: Billboard
5
Music Artist by Three 2010s hits
6
5X2 Blitz: Billboard II
7
5X2 Blitz: Album
8
5X2 Blitz: Rock
9
5X2 Blitz: Singers
10
5X2 Blitz: Lyrics
Explore More
Trending Topics
Anime
Kpop
NBA
Crossword
Disney
Harry Potter
Marvel
Song
Country
Soccer
The Office
NFL
WWE
Pokémon
Puzzle
hide this ad
More By:
TheWolfMaN
Quiz
Plays
Rating
Category
Featured
Created
Most Played Metallica Songs in Concert
2,988
3.82
Music
Mar 9, 2010
Metallica Songs Never Played Live
1,331
5.00
Music
Mar 15, 2010
Metallica Longest & Shortest Songs
1,153
5.00
Music
Apr 3, 2010
Metallica Song Antonyms
943
4.00
Music
Mar 7, 2010
Metallica Songs In Alphabetical Order
840
4.80
Music
Apr 1, 2010
Go to Creator's Profile
Score Distribution
Quiz Creator Spotlight
TheWolfMaN
Follow
Send a Message
Quizzes Created
-
Created Quiz Play Count
-
More By This Creator
Popular Quizzes Today
1
Find the US States - No Outlines Minefield
2
Colored Red Africa Blitz
3
Find the 'City' Movie
4
The Countries of the World
5
5x2 Blitz: Bands
6
Find the US States
7
Find the Countries of Europe - No Outlines Minefield
8
US States
More Music Quizzes
That's Not Country!
Curator's Pick
Trending Quizzes
Colored Red Europe Blitz I
Colored Red Europe Blitz II
Colored Red Africa Blitz II
Colored Red Europe Blitz III
Colored Red Africa Blitz III
Recently Updated
Odd Team Out - Big 4 Players
pecheneg
Quick Pick: 20 Twenties
pecheneg
March Madness Men's Triple Doubles
pecheneg
How Do You Spell That?
pecheneg
Godzilla Movies
pecheneg
Grab Bag: 4-10 Letters
pecheneg
2024 March Madness Bracket
pecheneg
Famous TV Couples
Peacemaker
Champions League XIs: Real Madrid
pecheneg
Largest US Cities 1790-2010
pecheneg
Trending Topics
NBA
Disney
Marvel
Harry Potter
Crossword
Anime
Kpop
The Office
NFL
Country
Pokémon
Song
WWE
Soccer
Puzzle
Your Account Isn't Verified!
In order to create a playlist on Sporcle, you need to verify the email address you used during registration. Go to your
Sporcle Settings
to finish the process.
Report this User
Report this user for behavior that violates our
Community Guidelines
.
Details:
Send Report
Go to the Sporcle.com Mobile Site →
Comments